00663nam a22002177a 45000010005000000030006000050050017000110080041000280400029000690820008000981000019001062450056001252500028001812600053002093000060002625050008003225210030003305210019003607000032003797000034004119483FISKH20260114101354.0260114b cb ||||| |||| 00| 0 eng d aFISKHbengcFISKHdFISKH a980 aDutta , Shyama aLet's know about south America / cBy Shyama Dutta  aFirst published in 2003 aViman Nagar : bUnicates Publications , c2003 . a12 unnubered pages : bcolor illustrations ;c20 cm .  aS 8 a800 bLexile estimate 8 aS bRaz-Plus  aMatharu , Vicky eDesigner  aMatharu , Archana eDesigner